| 000 | 00811nas a2200277 4500 | ||
|---|---|---|---|
| 001 | BR0802550 | ||
| 003 | BR-BrBNA | ||
| 005 | 20231205112021.0 | ||
| 007 | ta | ||
| 008 | 230509b bl.|||p| |||| 00| 00por d | ||
| 040 |
_aBR-BrBNA _bpor _cBiblioteca Nacional de Agricultura |
||
| 041 | _a(En) | ||
| 072 | _aL20; L50 | ||
| 100 | 1 | _aSilva, J.J. da | |
| 100 | 1 | _aMendes, J. | |
| 100 | 1 | _aLomônaco, C. | |
| 245 | 1 | _aDevelopmental stress by Diflubenzuron in Haematobia irritans (L.)(Diptera: Muscidae) | |
| 650 | _aINSETO | ||
| 650 | _aMOSCA | ||
| 650 | _aPRAGA DE PLANTA | ||
| 650 | _aCRESCIMENTO | ||
| 650 | _aSTRESS | ||
| 773 | 0 |
_tNeotropical Entomology (Brazil) _xISSN 1519-566X _g(Mar-Apr 2004), v. 33(2) p. 249-253 _wBR0802550 |
|
| 909 |
_a202311 _bLúcia _c55 _dLúcia Elande |
||
| 942 |
_2AGRIS _n0 _cANA |
||
| 999 |
_c195653 _d195653 |
||